000 00611nam a2200205Ia 4500
003 GCL
008 140319s9999 xx 000 0 ara d
040 _aGCL /
_cGCL
082 0 4 _a649.1
_bو س
100 1 _aوايت , بيرتون
245 1 0 _aالسنوات الثلاث الاولى للحياة /
_cوايت , بيرتون
700 1 _aبدر العمر (ترجمة)
300 _a70 ص
490 _a
650 0 4 _aالعناية الصحية
650 0 4 _aالاباء والابناء
650 0 4 _aالامهات والابناء
650 0 4 _aالاطفال - رعاية
942 _2ddc
_cBK
999 _c44477
_d44477